Culture Générale - Série 541 - Statistiques

Statistiques générales
  • Ce quiz a été pris 188 fois
  • Le résultat moyen est 8 sur 10
Statistiques - réponses
Question Réponse % Correct
Combien y a-t-il de voyelles dans le mot anticonstitutionnellement ? 10
94%
Dans la vie courante, quelle unité sert à définir une échelle d'intensité sonore ? décibel
88%
Dans quel pays les voitures portant la seule lettre P à l'arrière sont-elles immatriculées ? Portugal
88%
Selon le proverbe, qu'est-ce qui "revient au galop" si vous le chassez ? le naturel
87%
A la cour de quel roi de France a-t-on dansé le menuet pour la première fois ? Louis XIV
85%
Combien faut-il marquer de points au minimum pour gagner un tie-break au tennis ? 7
80%
En quelle année la première édition de la Fête de la musique a-t-elle eu lieu ? 1982
70%
Quelle est la Préfecture du département de l'Aube ? Troyes
70%
Quel mot anglais désigne le barreur d'un voilier participant à une régate ? Skipper
58%
Que dégustez-vous si on vous sert du sprat ? poisson
54%
Aucun quiz correspondant
Distribution des résultats
% des personnes avec chaque résultat
Percentile par nombre de réponses
Votre historique - résultats
Vous n’avez pas pris ce quiz